Hydrology in the Guiana shield and possibilities for payment schemes (Registro nro. 3790)

Detalles MARC
000 -CABECERA
Campo de control 00527nam a2200181 a 4500
005 - FECHA Y HORA DE LA ULTIMA TRANSACCION
Campo de control 20160727164647.0
008 - ELEMENTOS DE LONGITUD FIJA—INFORMACION GENERAL
Campo de control 140312b2003 ne ||||| |||| 00| 0 eng d
040 ## - FUENTE DE CATALOGACIÓN
Agencia catalogadora original CO-BoIAVH
Agencia transcriptora CO-BoIAVH
041 ## - IDIOMA
Código de idioma para texto/pista de sonido o título separado Inglés
044 ## - PAÍS DE PUBLICACIÓN
País de publicación Holanda
082 14 - NUMERO DE CLASIFICACION DECIMAL DEWEY
Número de clasificación 551.480881
Número del ítem R82h
100 1# - ASIENTO PRINCIPAL--NOMBRE PERSONAL
Nombre personal Rosales, Judith
9 (RLIN) 20723
245 10 - MENCION DE TITULO
Título Hydrology in the Guiana shield and possibilities for payment schemes
260 ## - PUBLICACION, DISTRIBUCION, ETC. (PIE DE IMPRENTA)
Lugar de publicación, distribución, etc. Amsterdam:
Nombre del editor, distribuidor, etc. IUCN;
-- GSI,
Fecha de publicación, distribución, etc. 2003.
300 ## - DESCRIPCION FISICA
Extensión 27 páginas.
650 #0 - ASIENTO SECUNDARIO DE MATERIA - TERMINO TEMATICO
Término temático o nombre geográfico como elemento de entrada hidrología
Subdivisión geográfica Escudo de Guyana
9 (RLIN) 73599
942 ## - ELEMENTOS ADICIONALES (KOHA)
Tipo de ítem Folleto
Sistema de clasificación Dewey Decimal Classification
Existencias
Withdrawn status Lost status Sistema de Clasificación Damaged status No para préstamo Colección Inventariado Ubicación Permanente Ubicación actual Fecha de adquisición Total Checkouts Número topográfico Inventario / Código de Barras Date last seen Ejemplar Price effective from Forma de adquisición Tipo de material
    Dewey Decimal Classification     General Inventariado 2017 Bogotá Bogotá 29/03/2004   LB-551.480881 R82h 015711 04/12/2012 Ej. 1 04/12/2012 Donación Folleto